| 000 | 00929cam a22002054a 4500 | ||
|---|---|---|---|
| 005 | 20250605163937.0 | ||
| 008 | 250528s ||||||||||||||||||||||||d | ||
| 035 | _a14917 | ||
| 020 | _a9065446052 | ||
| 040 |
_aGR-AtMCL _bgre _dGR-AtMCL _eAACR2 |
||
| 245 | 1 | _aMerger Control in the EEC / A survey of European Competition Laws | |
| 250 | _a2nd | ||
| 260 |
_bKluwer Law And Taxation Publishers, _c1993 |
||
| 300 | _a240 | ||
| 520 | _aThis book contains a concise description of both the EEC law with regard to mergers and acquisitions at Community level and the relevant national laws and regulations in Belgium, Denmark, France, Germany, Ireland, Italy, the Netherlands, Spain an the United Kingdom. Introduction, Belgium, Denmark, France, Federal Republic of Germany, Ireland, Italy, The Netherlands, Spain, United Kingdom, EEC. | ||
| 700 | 1 |
_aVerloop Peter _9716 |
|
| 942 | _cBK | ||
| 999 |
_c527 _d527 |
||